000 00532nmc a2200193 a 4500
003 AR-X00000XY
005 20251128212018.0
008 127020s1951 ||||||||||||||000 | spa||
040 _cAR-X00000XY
100 1 _aRojas, Fernando de
245 1 0 _aLa Celestina
_n1
260 _aMadrid
_bEspasa-Calpe
_c1951
490 0 _aClásicos castellanos
_v20
500 0 _aCon firma y anotaciones manuscritas de Alejandra Pizarnik
655 _aLITERATURA
700 1 _aCejador y Frauca, Julio
_eeditor
942 _cBK
998 _cmartin
999 _c22062
_d22062